ORTHODONTICS, DIAGNOSIS& MANAGEMENT (Record no. 4365)

MARC details
000 -LEADER
fixed length control field 00351nam a2200145Ia 4500
008 - FIXED-LENGTH DATA ELEMENTS--GENERAL INFORMATION
fixed length control field 150201s2009 xx 000 0 und d
082 ## - DEWEY DECIMAL CLASSIFICATION NUMBER
Classification number 617.643
Item number O2009K
100 ## - MAIN ENTRY--PERSONAL NAME
Personal name KARBANDA,OP
245 ## - TITLE STATEMENT
Title ORTHODONTICS, DIAGNOSIS& MANAGEMENT
250 ## - EDITION STATEMENT
Edition statement 1ST
260 ## - PUBLICATION, DISTRIBUTION, ETC. (IMPRINT)
Name of publisher, distributor, etc. ELSEVIER
Place of publication, distribution, etc. DELHI
Date of publication, distribution, etc. 2009
300 ## - PHYSICAL DESCRIPTION
Extent 1-562
650 ## - SUBJECT ADDED ENTRY--TOPICAL TERM
Topical term or geographic name as entry element ORTHODONTICS
942 ## - ADDED ENTRY ELEMENTS (KOHA)
Source of classification or shelving scheme Dewey Decimal Classification
Koha item type Books
Holdings
Withdrawn status Lost status Source of classification or shelving scheme Damaged status Not for loan Home library Current library Date acquired Source of acquisition Cost, normal purchase price Serial Enumeration / chronology SGTU Bill Number Total Checkouts Full call number Barcode Date last seen Date last checked out Bill Date Koha item type
    Dewey Decimal Classification     SGT Dental Library SGT Dental Library 01/11/2009 U.B.S.DELHI 895.00 1 SGTU 671 14 617.643 O2009K FD5902 26/05/2025 26/05/2025 27/02/2013 Books
    Dewey Decimal Classification     SGT Dental Library SGT Dental Library 01/11/2009 U.B.S.DELHI 895.00 1 SGTU 671 11 617.643 O2009K FD5903 26/05/2025 26/05/2025 27/02/2013 Books
    Dewey Decimal Classification     SGT Dental Library SGT Dental Library 01/11/2009 U.B.S.DELHI 895.00 1 SGTU 671   617.643 O2009K FD5904 13/06/2017   27/02/2013 Books
    Dewey Decimal Classification     SGT Dental Library SGT Dental Library 01/11/2009 U.B.S.DELHI 895.00 1 SGTU 671   617.643 O2009K FD5905 09/02/2015   27/02/2013 Books